000
00290cam a22000977a 4500
008
180718b1966 xxu||||| |||| 00| 0 eng d
082
_a
B7301 x5442 M278
245
_a
Nagpur municipal corporation Byelaws
_c
By Govt. of Maharastra
260
_a
Nagpur
_b
Govt. of Maharastra
_c
1966
300
_a
41p.
999
_c
415651
_d
415651